000
00204 a2200097 4500
001
28308
100
_a
Orlandi, E
245
_a
Life and Times of Leonards
260
_a
_b
Hamlyn
_c
090
_c
18917
_d
18917
942
_a
NUST-CAE
_c
M
_c
9910
999
_c
263381
_d
263381